书目信息 |
| 题名: |
河南城建高等专科学校学报 (2000年1-4期)
|
|
| 作者: | ;河南城建高专学报编辑部 | |
| 分册: | ||
| 出版信息: | 平顶山 河南城建高等专科学校学报编辑部 2000.09 |
|
| 页数: | 3期 | |
| 开本: | 29cm | |
| 丛书名: | ||
| 单 册: | ||
| 中图分类: | N031 | |
| 科图分类: | ||
| 主题词: | 自然科学--科学方法论 | |
| 电子资源: | ||
| ISBN: | ||
| 000 | 00688nam0 2200181 450 | |
| 001 | 0655297401 | |
| 005 | 20060113152636.07 | |
| 010 | @b精装@dCNY16.00 | |
| 100 | @a20060113d2000 km y0chiy0120 ea | |
| 101 | 0 | @achi |
| 200 | 1 | @a河南城建高等专科学校学报 (2000年1-4期)@Ahe nan cheng jian gao deng zhuan ke xue xiao xue bao(2000 nian 1-4 qi)@f河南城建高专学报编辑部@Fhe nan cheng jian gao zhuan xue bao bian ji bu |
| 210 | @a平顶山@c河南城建高等专科学校学报编辑部@d2000.09 | |
| 215 | @a3期@d29cm | |
| 606 | 0 | @a自然科学@x科学方法论 |
| 690 | @aN031@v3 | |
| 711 | 0 | @a河南城建高专学报编辑部@Ahe nan cheng jian gao zhuan xue bao bian ji bu |
| 801 | 0 | @aCN@bPFT@c20060113 |
| 905 | @a10447@dN031@eH262 | |
| 河南城建高等专科学校学报 (2000年1-4期)/河南城建高专学报编辑部.-平顶山:河南城建高等专科学校学报编辑部,2000.09 |
| 3期;29cm |
| ISBN (精装):CNY16.00 |
| ● |
| 相关链接 |
|
|
|
正题名:河南城建高等专科学校学报 (2000年1-4期)
索取号:N031/H262
 
预约/预借
| 序号 | 登录号 | 条形码 | 馆藏地/架位号 | 状态 | 备注 |
| 1 | 442696 | 204426969 | 自科库401/401自科库 137排1列3层/ [索取号:N031/H262] | 在馆 |